000 00765nam a2200229Ia 4500
003 GCL
008 140319s9999 xx 000 0 ara d
040 _aGCL /
_cGCL
082 0 4 _a723.3
_bم م
100 1 _aميسانا، جاسبرى
245 1 0 _aالمعمار الاسلامى فى ليبيا /
_cميسانا، جاسبرى
700 1 _aعلى الصادق حسنين
250 _aالاولى
260 _aبيروت :
_bدار الجيل ،
_c1998
300 _a295 ص ؛
_c24 سم
650 0 4 _aالعمارة الاسلامية
650 0 4 _aالاثار الاسلامية
650 0 4 _aالمدن الاسلامية
650 0 4 _aالفن الاسلامى
650 0 4 _aالعمارة الاسلامية - ليبيا
942 _2ddc
_cBK
999 _c46327
_d46327